1711 1142 1471 1915 1253 1377 1148 1134 1079 1213 1591 1685 1539 1747 1781 1276 1437 1482 1040 1994 1160 1749 1538 1089 1808 1554 1848 1624 1103 1050 1935 1376 1746 1280 1254 1081 1644 1723 1714 1800 1115 1920 1593 1350 1915 1581 1728 1221 1816 1260 1774 1485 1172 1599 1020 1406 1753 1099 1869 1041 1851 1633 1581 1052 1355 1467 1655 1546 1160 1712 1544 1317 1444 1642 1867 1096 1307 1295 1583 1284 1660 1066 1704 1141 1759 1044 1973 1599 1779 1730 1925 1361 1556 1118 1004 1076 1154 1980 1755 BCNSPRNW ULIB Ver.6.0+V

เปลี่ยนเป็นภาษาไทย

Change to English
 แสดงรายละเอียดบรรณานุกรม
  กลับหน้าหลัก

Brief Record : Get Marc (ISO 2709) : E-mail record : QR code < ปิดหน้าต่าง
LEADER : 00000nam 2200000uu 4500
001    13399128069
003     ULIB
008    220502s2564||||th 000 0 tha d
020    ^a9786165868280
060 04 ^aWY160^bด164ภ
100 0  ^aดวงใจ วัฒนสินธุ์
245 10 ^aภาวะซึมเศร้าในวัยรุ่นแนวคิดพื้นฐานและการพยาบาล =^bAdolescentdepression : basic concepts and nursing care /^cดวงใจวัฒนสินธุ์
246 31 ^aAdolescent depression : basic concepts and nursing care
260    ^aเชียงใหม่ :^bวนิดาการพิมพ์,^c2564
300    ^aก-ซ, 256หน้า :^bภาพประกอบ ;^c26 ซม.
650  4 ^aความซึมเศร้า
650  4 ^aภาวะซึมเศร้า
650  4 ^aโรคซึมเศร้า
650  4 ^aวัยรุ่น
945    ^p290^l0^i008659
945    ^p290^l0^i008660
945    ^p290^l0^i008661
945    ^p290^l0^i008662
945    ^p290^l0^i008663
945    ^p290^l0^i008664
999    ^aประนอม เกษจรัล
รายการนี้ยังไม่มีแท็ก
คุณยังไม่ได้ล็อกอิน คุณสามารถมีกิจกรรมร่วมกับเว็บไซต์ได้ แต่ต้องล็อกอินก่อน ::
  ล็อกอิน

รายการสื่อสารสนเทศ

ลำดับที่ ประเภท เลขเรียก/บาร์โค้ด สถานที่ สถานะ
1. Book การพยาบาล
หนังสือสำรอง
สถานะ=หนังสือสำรอง
WY160 ด164ภ ฉ.1 
  Barcode: 008659
ห้องสมุดวิทยาเขตสวรรค์ประชารักษ์
►หนังสือทั่วไป
บนชั้น
2. Book การพยาบาล
Book การพยาบาล
WY160 ด164ภ ฉ.2 
  Barcode: 008660
ห้องสมุดวิทยาเขตสวรรค์ประชารักษ์
►หนังสือทั่วไป
บนชั้น
3. Book การพยาบาล
Book การพยาบาล
WY160 ด164ภ ฉ.3 
  Barcode: 008661
ห้องสมุดวิทยาเขตสวรรค์ประชารักษ์
►หนังสือทั่วไป
บนชั้น
4. Book การพยาบาล
Book การพยาบาล
WY160 ด164ภ ฉ.4 
  Barcode: 008662
ห้องสมุดวิทยาเขตสวรรค์ประชารักษ์
►หนังสือทั่วไป
บนชั้น
5. Book การพยาบาล
Book การพยาบาล
WY160 ด164ภ ฉ.5 
  Barcode: 008663
ห้องสมุดวิทยาเขตสวรรค์ประชารักษ์
►หนังสือทั่วไป
บนชั้น
6. Book การพยาบาล
Book การพยาบาล
WY160 ด164ภ ฉ.6 
  Barcode: 008664
ห้องสมุดวิทยาเขตสวรรค์ประชารักษ์
►หนังสือทั่วไป
บนชั้น

รายการใกล้เคียง
    ผู้แต่ง [ดวงใจ วัฒนสินธุ์]

    หัวเรื่อง [ความซึมเศร้า]
    หัวเรื่อง [ภาวะซึมเศร้า]
    หัวเรื่อง [โรคซึมเศร้า]
    หัวเรื่อง [วัยรุ่น]

BibComment


ยังไม่เคยถูกคอมเมนท์

คอมเมนท์ทรัพยากรรายการนี้
  คอมเมนท์: ภาวะซึมเศร้าในวั..


 Copyright 2026. Bcnsprnw @Library